El pez en el agua

Sparad:
Bibliografiska uppgifter
Huvudupphovsman: Vargas Llosa, Mario
Materialtyp: Bok
Språk:Undetermined
Publicerad: México, Distrito Federal Seix Barral 1993
Ämnen:
Taggar: Lägg till en tagg
Inga taggar, Lägg till första taggen!

MARC

LEADER 00000nam a2200000Ia 4500
008 170316s9999 xx 000 0 und d
040 |a cru BVZT 
090 |a 860 V-7p 
100 |a Vargas Llosa, Mario 
245 |a El pez en el agua 
260 |a México, Distrito Federal 
260 |b Seix Barral 
260 |c 1993 
300 |a 538 páginas 
650 |a LITERATURA LATINOAMERICANA 
999 |c 9327  |d 9327 
942 |c 15 D  |h 860 V-7p  |2 z